000 00785nam a2200217Ii 4500
003 JO-AjNU
008 230605s9999||||xx |||||||||||||| ||und||
017 _a2003/12/2635
040 _aJO-AjNU
_bara
_erda
_cJO-AjNU
041 _aara
050 1 4 _aLB1590.R396 2006
100 3 _aريان،محمد هاشم,
_eauthor
_928662
245 0 0 _aمهارات التفكير وسرعة البديهة وحقائب تدريبية
250 _aط1
264 3 1 _aعمان:دار حنين،2006/عمان:مكتبة الفلاح،2006
300 _a424ص
336 _atext
_btxt
_2rdacontent
337 _aunmediated
_bn
_2rdamedia
338 _avolume
_bnc
_2rdacarrier
650 4 _aالتفكير الإبتكاري (التعليم). فكر و تفكير-تعلم و تعليم.
_928663
999 _aA11145
_c14713
_d14713